000 00299nam a2200121Ia 4500
008 230907s9999||||xx |||||||||||||| ||und||
082 _a621.4021
_bCEN
100 _aÇengel, Yunus A.
245 0 _aThermodynamics :
260 _aMcgraw Hill,
_bChennai :
_c2016
300 _a954p.
942 _cBK
_2ddc
999 _c598188
_d598188